000 00209nam a22000857a 4500
008 170215b xxu||||| |||| 00| 0 eng d
100 _92877
_aNCERT
245 _aPolitical Theory-XI
260 _aNew Delhi
_bNCERT
_c2010
999 _c6102
_d6102